000 00671 a2200205 4500
008 090313t xxu||||| |||| 00| 0 eng d
010 _aENG-85847
020 _a81203330587
_c195.00
035 _aEN-69380
037 _bD.B.Act / Pub
082 _a338.04
100 _aNandan, H.
245 _aFundamentals of entreoreneurship
_cH. Nandan
260 _aNew Delhi
_bPrentice-Hall of India
_c2008
300 _axi, 232 p.
_c24 cm. (Pbk)
500 _aIncludes bibliographical references and index
650 _aEntrepreneurship
942 _adpl
_cEN
_k338.04 / NAN
_2ddc
999 _c3579
_d3579